have a little faith (Record no. 7952)
[ view plain ]
| 000 -LEADER | |
|---|---|
| fixed length control field | 00907nam a22001937a 4500 |
| 003 - CONTROL NUMBER IDENTIFIER | |
| control field | OSt |
| 005 - DATE AND TIME OF LATEST TRANSACTION | |
| control field | 20260129034921.0 |
| 008 - FIXED-LENGTH DATA ELEMENTS--GENERAL INFORMATION | |
| fixed length control field | 260129b |||||||| |||| 00| 0 eng d |
| 040 ## - CATALOGING SOURCE | |
| Original cataloging agency | DWCL GS library |
| Transcribing agency | OC |
| 082 ## - DEWEY DECIMAL CLASSIFICATION NUMBER | |
| Classification number | Fic. A339h 2009 |
| 100 ## - MAIN ENTRY--PERSONAL NAME | |
| Personal name | Albom mitch |
| 245 ## - TITLE STATEMENT | |
| Title | have a little faith |
| Remainder of title | a true story |
| 260 ## - PUBLICATION, DISTRIBUTION, ETC. | |
| Place of publication, distribution, etc. | New York |
| Name of publisher, distributor, etc. | Hyperion Audio |
| Date of publication, distribution, etc. | c2009 |
| 300 ## - PHYSICAL DESCRIPTION | |
| Extent | 249 |
| Dimensions | 19cm |
| 520 ## - SUMMARY, ETC. | |
| Summary, etc. | When an eighty-two-year-old rabbi from Albom's old hometown asks him to deliver his eulogy, Albom goes back to his nonfiction roots and becomes involved with a Detroit pastor--a reformed drug dealer and convict--who preaches to the poor and homeless in a decaying church with a hole in its roof. A timely, moving, and inspiring look at faith: not just who believes, but why<br/> |
| 546 ## - LANGUAGE NOTE | |
| Language note | english |
| 700 ## - ADDED ENTRY--PERSONAL NAME | |
| Personal name | Mitch Albom |
| 942 ## - ADDED ENTRY ELEMENTS (KOHA) | |
| Source of classification or shelving scheme | Dewey Decimal Classification |
| Koha item type | Fiction |
| Classification part | Fic. 339h 2009 |
| Suppress in OPAC | No |
No items available.